المدخل في التشريع الإسلامي. (Record no. 22739)
[ view plain ]
| 000 -الفاتح | |
|---|---|
| حقل البيانات ثابتة الطول | 00804nam a22002295a 4500 |
| 003 - محدد رقم الضبط | |
| رقم الضبط | OSt |
| 005 - وقت وتاريخ اخر تعامل مع التسجيلة | |
| رقم الضبط | 20161020131427.0 |
| 008 - عناصر البيانات ثابتة الطول - معلومات عامة | |
| حقل البيانات ثابتة الطول | 161020s200? ua frb 000 0 ara d |
| 040 ## - مصدر الفهرسة | |
| وكالة الفهرسة الأصلية | EG-ScBUE |
| لغة الفهرسة | ara |
| وكالة النسخ | EG-ScBUE |
| 082 04 - رقم تصنيف ديوى العشرى | |
| رقم التصنيف | 340.59 |
| رقم المادة | م ح ج |
| رقم الطبعة | 22 |
| 082 04 - رقم تصنيف ديوى العشرى | |
| رقم التصنيف | 297.14 |
| رقم المادة | م ح ج |
| رقم الطبعة | 22 |
| 100 1# - المدخل الرئيسى - إسم شخصى | |
| الإسم الشخصى | محجوب، محمد علي. |
| 245 14 - بيان العنوان | |
| العنوان | المدخل في التشريع الإسلامي. |
| رقم الجزء/قسم العمل | الجزء الأول / |
| بيان المسئوليه,etc | محمد علي محجوب. |
| 260 ## - PUBLICATION, DISTRIBUTION, ETC. (IMPRINT) | |
| مكان الناشر او الموزع | القاهرة : |
| اسم الناشر او الموزع | قسم الشريعة الإسلامية، الحقوق، |
| تاريخ النشر أو التوزيع | [؟200] |
| 300 ## - الوصف المادى | |
| التعداد | مج. 1. (269 ص.) ؛ |
| أبعاد الوعاء | 24 سم. |
| 504 ## - تبصرة ببليوجرافية | |
| تبصرة ببليوجرافية,الخ | Includes bibliographical references. |
| 650 #0 - المدخل الاضافى بالموضوع-مصطلح موضوعى | |
| مصطلح موضوعي أو اسم جغرافي كعنصر مدخل | الشريعة الإسلامية |
| مصدر الرأس أو المصطلح | BUEsh |
| 651 ## - المدخل الاضافى بالموضوع - اسم جغرافى | |
| مصدر الرأس أو المصطلح | BUEsh |
| 653 ## - مصطلح تكشيفى غير مقيد | |
| Resource For college | Law |
| Arrived date list | October2016 |
| 655 ## - مصطلح تكشيفى-نوع/شكل | |
| التقسيم الفرعي الشكلي | Text book |
| -- | 33728 |
| 942 ## - عناصر المدخل الإضافي( كوها) | |
| مصدر التصنيف او مخطط الترفيف | Dewey Decimal Classification |
| حالة التراجع | حالة الفقد | مصدر التصنيف او خطة الترفيف | حالة تلف | ليس للاعارة | مجموعات كوها | المكان الدائم | المكان الحالي | موقع الترفيف | تاريخ الاكتساب | Source of acquisition | سعر الشراء الطبيعي | رقم الاستدعاء | الباركود | Date last seen | نوع الوعاء | Date last checked out | مُعار |
|---|---|---|---|---|---|---|---|---|---|---|---|---|---|---|---|---|---|
| Dewey Decimal Classification | Baccah | Central Library | Central Library | First floor | 20/10/2016 | Purchase | 150.00 | 340.59 م ح ج | 000033377 | 15/07/2025 | NB - Book (Non borrowing) | ||||||
| Dewey Decimal Classification | Baccah | Central Library | Central Library | First floor | 20/10/2016 | Purchase | 340.59 م ح ج | 000033376 | 25/10/2016 | Book - Borrowing | 22/11/2016 | 25/10/2016 | |||||
| Dewey Decimal Classification | Baccah | Central Library | Central Library | First floor | 20/10/2016 | Purchase | 340.59 م ح ج | 000034179 | 15/07/2025 | Book - Borrowing | 03/11/2016 | ||||||
| Dewey Decimal Classification | Baccah | Central Library | Central Library | First floor | 20/10/2016 | Purchase | 340.59 م ح ج | 000034180 | 15/07/2025 | Book - Borrowing | |||||||
| Dewey Decimal Classification | Baccah | Central Library | Central Library | First floor | 20/10/2016 | Purchase | 340.59 م ح ج | 000034181 | 11/11/2025 | Book - Borrowing | 03/11/2025 |